LEADER 00762nam0-2200253 --450 001 9910753701003321 005 20231114102719.0 010 $a978-88-288-3878-4 100 $a20231114d2014----kmuy0itay5050 ba 101 0 $aita$cita 102 $aIT 105 $a 001yy 200 1 $a<>vendita$etratto dal volume di Angelo Luminoso, La vendita, collana: Trattato di diritto civile e commerciale, 2014$fAngelo Luminoso 210 $aMilano$cGiuffrè$d2014 215 $a34-732 p.$d24 cm 676 $a346.45072$v23$zita 700 1$aLuminoso,$bAngelo$0145126 801 0$aIT$bUNINA$gREICAT$2UNIMARC 901 $aBK 912 $a9910753701003321 952 $aVIII E 341$b2022/621$fFGBC 959 $aFGBC 996 $aVendita$9257514 997 $aUNINA